Easter Egg Scramble Quiz Stats

Quiz Updated Apr 9, 2012

Also try: Easter Facts
Challenge
Share
Tweet
Embed
Score 0/80 Timer 09:00
5 Plays Today
% Correct
____________________
100%
____________________
99.9%
ώώώώώώώώώώώώώώώ
99.9%
Ѳ EGG
99.9%
____________________
99.9%
____________________
99.9%
____________________
99.9%
ώώώώώώώώώώώώώώώ
86.8%
Ѳ FLUTE
86.8%
ώώώώώώώώώώώώώώώ
86.3%
Ѳ NEW YEARS EVE
86.3%
ώώώώώώώώώώώώώώώ
85%
ώώώώώώώώώώώώώώώ
85%
Ѳ EASTER
84.9%
ώώώώώώώώώώώώώώώ
81.4%
ώώώώώώώώώώώώώώώ
81.4%
Ѳ VOGUE
81.4%
ώώώώώώώώώώώώώώώ
76.3%
ώώώώώώώώώώώώώώώ
76.3%
Ѳ BARACK OBAMA
76.2%
ώώώώώώώώώώώώώώώ
74.4%
Ѳ THE OFFICE
74.4%
ώώώώώώώώώώώώώώώ
71.1%
Ѳ HEINEKEN
71.1%
ώώώώώώώώώώώώώώώ
65.8%
ώώώώώώώώώώώώώώώ
65.8%
ώώώώώώώώώώώώώώώ
65.7%
Ѳ HALLOWEEN
65.7%
Ѳ GLAMOUR
65.6%
ώώώώώώώώώώώώώώώ
63.8%
ώώώώώώώώώώώώώώώ
63.8%
ώώώώώώώώώώώώώώώ
63.8%
Ѳ HERBERT HOOVER
63.7%
ώώώώώώώώώώώώώώώ
62.9%
ώώώώώώώώώώώώώώώ
62.9%
Ѳ COSMOPOLITAN
62.8%
Ѳ TICKET TO RIDE
62.5%
ώώώώώώώώώώώώώώώ
62.3%
Ѳ SUDAN
62.3%
ώώώώώώώώώώώώώώώ
59.6%
% Correct
Ѳ CORONA
59.5%
ώώώώώώώώώώώώώώώ
58.9%
Ѳ LITHIUM
58.8%
ώώώώώώώώώώώώώώώ
58.1%
ώώώώώώώώώώώώώώώ
58.1%
Ѳ THE CLIENT
58%
ώώώώώώώώώώώώώώώ
57.6%
ώώώώώώώώώώώώώώώ
57.6%
Ѳ CADMIUM
57.6%
Ѳ PARKS AND REC
57.5%
ώώώώώώώώώώώώώώώ
57.2%
Ѳ TROMBONE
57.1%
Ѳ FRANKLIN PIERCE
55.5%
ώώώώώώώώώώώώώώώ
55.1%
Ѳ RUNAWAY JURY
55%
ώώώώώώώώώώώώώώώ
54.7%
ώώώώώώώώώώώώώώώ
54.7%
Ѳ SIERRA LEONE
54.6%
ώώώώώώώώώώώώώώώ
53.4%
ώώώώώώώώώώώώώώώ
53.4%
Ѳ RED STRIPE
53.3%
ώώώώώώώώώώώώώώώ
52.2%
Ѳ CLARINET
52.1%
ώώώώώώώώώώώώώώώ
51%
Ѳ NAMIBIA
51%
ώώώώώώώώώώώώώώώ
41%
ώώώώώώώώώώώώώώώ
41%
Ѳ COMMUNITY
40.9%
ώώώώώώώώώώώώώώώ
39.9%
ώώώώώώώώώώώώώώώ
39.9%
Ѳ DEAR PRUDENCE
39.8%
ώώώώώώώώώώώώώώώ
39.3%
ώώώώώώώώώώώώώώώ
39.3%
Ѳ BLACKBIRD
39.2%
Ѳ ѲѲ ѲѲѲ ѲѲ Ѳ Ѳ
37.8%
Ѳ S P O R C L E Ѳ
37.8%
Ѳ ѲѲ ѲѲѲ ѲѲ Ѳ Ѳ
37.8%
Ѳ HYDROGEN
32.8%
ώώώώώώώώώώώώώώώ
20.6%
Ѳ THE RAINMAKER
20.4%

You're not logged in!

Compare scores with friends on all Sporcle quizzes.
Sign Up with Email
OR
Log In

You Might Also Like...

Show Comments

Extras

Top Quizzes Today


Score Distribution

Your Account Isn't Verified!

In order to create a playlist on Sporcle, you need to verify the email address you used during registration. Go to your Sporcle Settings to finish the process.